Ako organizujeme metodickú prácu pre materské školy v Nitrianskom okrese

Bibliographic Details
Main Author: Pančír, Jozef (Author)
Format: Article
Language:Slovak

MARC

LEADER 00000nab a2200000uu 4500
001 vtls011437272
003 SK-MaSNL
005 20260303145657.0
008 230222| xo |||||||||||||||||slo|
015 |a SNBRB 
035 |a (urnnbn)urn:nbn:sk:snk:ar-002j17 
035 |a (uuid)abea47a3-9fe3-4aa4-ad2a-d87265abc117 
035 |a urn:nbn:sk:snk-abccgv 
040 |a SNKBUCL  |b slo  |c SNKBUCL  |e AACR2 
041 0 |a slo 
044 |a xo  |c SK 
100 1 |a Pančír, Jozef  |4 aut  |9 1168416 
245 1 0 |a Ako organizujeme metodickú prácu pre materské školy v Nitrianskom okrese  |c Jozef Pančír 
773 0 |t Predškolská výchova : pedagogický časopis pre učiteľky materských škôl  |g Roč. 19, č. 1 (1964-1965), s. 26-27 
954 |a odborná, vedecká literatúra pôvodná (slovenská)  |2 lita 
958 |a OND 
958 |a EUIPO 
958 |a article16 
999 |c 2004457  |d 2006387